<?xml version="1.0" encoding="UTF-8"?>
<record
    xmlns:xsi="http://www.w3.org/2001/XMLSchema-instance"
    xsi:schemaLocation="http://www.loc.gov/MARC21/slim http://www.loc.gov/standards/marcxml/schema/MARC21slim.xsd"
    xmlns="http://www.loc.gov/MARC21/slim">

  <leader>03164cam a2200337 a 4500</leader>
  <controlfield tag="001">15509680</controlfield>
  <controlfield tag="005">20090828111902.0</controlfield>
  <controlfield tag="008">081104s2009    enk      b    001 0 eng  </controlfield>
  <datafield tag="010" ind1=" " ind2=" ">
    <subfield code="a">  2008046488</subfield>
  </datafield>
  <datafield tag="015" ind1=" " ind2=" ">
    <subfield code="a">GBA8D8437</subfield>
    <subfield code="2">bnb</subfield>
  </datafield>
  <datafield tag="016" ind1="7" ind2=" ">
    <subfield code="a">014851958</subfield>
    <subfield code="2">Uk</subfield>
  </datafield>
  <datafield tag="020" ind1=" " ind2=" ">
    <subfield code="a">0230224407 (hardback)</subfield>
  </datafield>
  <datafield tag="020" ind1=" " ind2=" ">
    <subfield code="a">9780230224407 (hardback)</subfield>
  </datafield>
  <datafield tag="035" ind1=" " ind2=" ">
    <subfield code="a">(OCoLC)ocn270129908</subfield>
  </datafield>
  <datafield tag="040" ind1=" " ind2=" ">
    <subfield code="a">DLC</subfield>
    <subfield code="c">DLC</subfield>
    <subfield code="d">UKM</subfield>
    <subfield code="d">BTCTA</subfield>
    <subfield code="d">YDXCP</subfield>
    <subfield code="d">BWKUK</subfield>
    <subfield code="d">BWK</subfield>
    <subfield code="d">CDX</subfield>
    <subfield code="d">DLC</subfield>
  </datafield>
  <datafield tag="050" ind1="0" ind2="0">
    <subfield code="a">B3305.M74</subfield>
    <subfield code="b">W45 2009</subfield>
  </datafield>
  <datafield tag="082" ind1="0" ind2="0">
    <subfield code="a">335.41</subfield>
    <subfield code="2">22</subfield>
    <subfield code="b">WEN</subfield>
  </datafield>
  <datafield tag="100" ind1="1" ind2=" ">
    <subfield code="a">Wendling, Amy E.,</subfield>
    <subfield code="d">1976-</subfield>
    <subfield code="9">27343</subfield>
  </datafield>
  <datafield tag="245" ind1="1" ind2="0">
    <subfield code="a">Karl Marx on Technology and Alienation /</subfield>
    <subfield code="c">Amy E Wendling.</subfield>
  </datafield>
  <datafield tag="260" ind1=" " ind2=" ">
    <subfield code="a">Basingstoke [England] ;</subfield>
    <subfield code="a">New York :</subfield>
    <subfield code="b">Palgrave Macmillan, 2009</subfield>
    <subfield code="c">2009.</subfield>
  </datafield>
  <datafield tag="300" ind1=" " ind2=" ">
    <subfield code="a">x, 252 p. ;</subfield>
    <subfield code="c">23 cm.</subfield>
  </datafield>
  <datafield tag="504" ind1=" " ind2=" ">
    <subfield code="a">Includes bibliographical references (p. 213-239) and index.</subfield>
  </datafield>
  <datafield tag="505" ind1="0" ind2=" ">
    <subfield code="a">Introduction -- Karl Marx's concept of alienation -- Objectification, alienation, and estrangement : on Marx's Hegelian inheritance -- Other origins of "alienation" and "objectification" -- Marx's account of alienation : from early to late -- The alienated object of production : commodity fetishism -- The alienated means of production : machine fetishism -- Machines and the transformation of work -- Marx's energeticist turn -- The first law of thermodynamics : Kraft, Stoff, and the discourse of energetics -- From arbeit to arbeitskraft : Marx's transformation of work from self-actualization to energy expenditure -- The second law of thermodynamics : entropy, the heat death of the universe, and revolution -- Machines in the communist future -- Technology and the boundaries of nature -- Material wealth and value : the Grundrisse's "fragment on machines" -- The strife between technology and capital : the fall in the rate of profit -- Enjoyment not value : challenging the capitalist logic of exhaustion -- Man himself as fixed capital : the symbiosis of human and machine in the production of material wealth -- Class kinship and the redistribution of the means of production -- Machines in the capitalist reality -- Between thermodynamics and humanism : approaching Capital -- Machinery as an historical category of production -- Machines, trains, and other capitalist monsters -- Rough, foul-mouthed boys : women's monstrous laboring bodies -- Wage labor and race -- Wage labor and sexuality -- Machinery and revolution -- Alienation beyond Marx -- Science and technology in Marx's excerpt notebooks -- Karl Marx and Charles Babbage : the speed of production in the Economic manuscripts of 1861-1863 -- Machines and temporality : the treadmill effect and free time -- Technophobia and technophilia -- Technophobia and twentieth-century theory.</subfield>
  </datafield>
  <datafield tag="600" ind1="1" ind2="0">
    <subfield code="a">Marx, Karl,</subfield>
    <subfield code="d">1818-1883.</subfield>
    <subfield code="9">27344</subfield>
  </datafield>
  <datafield tag="650" ind1=" " ind2="0">
    <subfield code="a">Technology</subfield>
    <subfield code="x">Philosophy.</subfield>
    <subfield code="9">27345</subfield>
  </datafield>
  <datafield tag="650" ind1=" " ind2="0">
    <subfield code="a">Alienation (Philosophy)</subfield>
    <subfield code="9">27346</subfield>
  </datafield>
  <datafield tag="653" ind1=" " ind2=" ">
    <subfield code="b">Pol</subfield>
    <subfield code="c">September2011</subfield>
  </datafield>
  <datafield tag="942" ind1=" " ind2=" ">
    <subfield code="2">ddc</subfield>
    <subfield code="c">BB</subfield>
  </datafield>
  <datafield tag="999" ind1=" " ind2=" ">
    <subfield code="c">16084</subfield>
    <subfield code="d">16084</subfield>
  </datafield>
  <datafield tag="952" ind1=" " ind2=" ">
    <subfield code="0">0</subfield>
    <subfield code="1">0</subfield>
    <subfield code="2">ddc</subfield>
    <subfield code="4">0</subfield>
    <subfield code="7">0</subfield>
    <subfield code="8">Baccah</subfield>
    <subfield code="a">MAIN</subfield>
    <subfield code="b">MAIN</subfield>
    <subfield code="c">1ST</subfield>
    <subfield code="d">2011-09-25</subfield>
    <subfield code="e">purchase</subfield>
    <subfield code="g">507.00</subfield>
    <subfield code="h">12896</subfield>
    <subfield code="l">2</subfield>
    <subfield code="m">4</subfield>
    <subfield code="o">335.41 WEN</subfield>
    <subfield code="p">000024921</subfield>
    <subfield code="r">2025-07-15 00:00:00</subfield>
    <subfield code="s">2013-04-14</subfield>
    <subfield code="y">BB</subfield>
  </datafield>
</record>
